| 000 | 00000nam##2200000za#4500 |
| 001 | 9.581043 |
| 003 | CaOODSP |
| 005 | 20210624191329 |
| 007 | cr ||||||||||| |
| 008 | 150406|2009||||xxc|||||o f|0| 0 eng|d |
| 022 | |a1701-1280 |
| 040 | |aCaOODSP|beng |
| 043 | |an-cn--- |
| 086 | 1 |aFs70-4/2009-029E-PDF |
| 110 | 1 |aCanada. |bDepartment of Fisheries and Oceans. |
| 245 | 10|aProceedings of a Maritimes Science Advisory Process to develop a new assessment framework for Georges Bank scallop : |h[electronic resource]|b18-20 February 2009, Bedford Institute of Oceanography, Dartmouth, Nova Scotia / |cTana Worcester, Meeting Chair. |
| 260 | |aDartmouth - Nova Scotia : |bFisheries and Oceans Canada |cOctober 2009. |
| 300 | |a36p.|breferences |
| 490 | 1 |aCanadian Science Advisory Secretariat proceedings series|x1701-1280|v2009/029 |
| 590 | |a14-20-Supp|b2014-11-25 |
| 830 | #0|aProceedings series (Canadian Science Advisory Secretariat)|x1701-1280|v2009/029|w(CaOODSP)9.506483 |
| 856 | 40|ahttp://publications.gc.ca|qPDF|s202 KB|uhttps://publications.gc.ca/collections/collection_2014/mpo-dfo/Fs70-4-2009-029-eng.pdf|y2009/029 |